00733nam a2200193Ia 450000500170000000800410001702000150005805000240007324500520009726000350014930000180018433600100020233700140021233800120022649000300023850000350026850501990030365000370050220231102151125.0120626s1998 mx a 000 0 spa d a968243482314aHV5824.J8bV45 199710aLas Adicciones y las disfunciones en la familia aMéxico b : Trillasc , 1997 a281 páginas atexto asin medio avolumen aSerie Escuela para Padres aIncluye: Índice (pp. 97-100)2 aLa drogadicción: ¿epidemia del siglo xx? Adicciones: alcoholismo y farmacodependencia Aspectos de la salud mental. Repercusiones en la familia Educación débil: hijos con problemas fuertes14aDROGAS xPSICOTERAPIA FAMILIAR